000 00796nam a2200205Ii 4500
003 JO-AjNU
008 230605s9999||||xx |||||||||||||| ||und||
040 _aJO-AjNU
_bara
_erda
_cJO-AjNU
041 _aara
050 1 4 _aGF41.F436 1984
100 3 _aالصقار، فؤاد محمد، م.مشارك محمد رشيد الفيل,
_eauthor
_920430
245 0 0 _aأصول الجغرافية البشرية
250 _aط2
264 3 1 _aالكويت: وكالة المطبوعات، 1984
300 _a336ص
_bيحتوي على ايضاحات
336 _atext
_btxt
_2rdacontent
337 _aunmediated
_bn
_2rdamedia
338 _avolume
_bnc
_2rdacarrier
650 4 _aالسكان - البيئة والانسان - الجغرافية البشرية - السلالات البشرية
_920431
999 _aA6923
_c10491
_d10491